000 00735nam a2200229Ia 4500
003 GCL
008 140319s9999 xx 000 0 eng d
040 _aGCL /
_cGCL
082 0 4 _a388.3124
_bU I
100 1 _aSOMMERVILLE, FRASER
245 1 0 _aINFORMATION TECHNOLOGY ON THE MOVE: TECHNICAL AND BEHAVIORAL EVOLUTIONS OF MOBIL TELECOMMUNICATIONS /
_cSOMMERVILLE, FRASER
700 1 _aUNDERWOOD, GEOFFREY
700 1 _aUNDERWOOD, JEAN D.M
700 1 _aHENGVELD, WILLEM
260 _a[S.N] :
_bJOHN WILEY AND SONS. INC ،
_c1994
300 _a245 P
650 0 4 _aEUROPEAN ECONOMIC COMMUNITY
650 0 4 _aINTELLIGENT VEHICLE HIGHWAY
650 0 4 _aAUTOMOBILE DRIVING
650 0 4 _aTRANSPORTATION AUTOMOTIVE
942 _2ddc
_cBK
999 _c13980
_d13980